banner-ar

تكنولوجيا الجبن المطبوخ و اسرارها / (Record no. 60012)

MARC details
000 -الفاتح
حقل البيانات ثابتة الطول 01201nam a22002897a 4500
005 - وقت وتاريخ اخر تعامل مع التسجيلة
رقم الضبط 20240530110348.0
008 - عناصر البيانات ثابتة الطول - معلومات عامة
حقل البيانات ثابتة الطول 141214s2009 ua do f b 000 0 ara d
017 ## - رقم الايداع القانونى
رقم الايداع القانونى 20638/2008
المصدر ( الهيئة المختصة) مصر . دار الكتب المصرية
020 ## - الرقم الدولى المعيارى للكتب
الرقم الدولى المعيارى للكتاب 977258347x
040 ## - مصدر الفهرسة
وكالة الفهرسة الأصلية EG-CaGPL
041 0# - رمز اللغة
رمز لغة النص/ المسارات الصوتية أو العنوان الانفرادي ara
082 04 - رقم تصنيف ديوى العشرى
رقم الطبعة 21
رقم التصنيف 641.673\
رقم المادة أ ت
100 0# - المدخل الرئيسى - إسم شخصى
الإسم الشخصى احمد طه احمد اسماعيل
245 10 - بيان العنوان
العنوان تكنولوجيا الجبن المطبوخ و اسرارها /
بيان المسئوليه,etc تاليف و اعداد احمد طه احمد اسماعيل ؛ مراجعة و اشرف حنفى عبدالعزيز هاشم
250 ## - بيان الطبعة
بيان الطبعة ط 1
260 ## - PUBLICATION, DISTRIBUTION, ETC. (IMPRINT)
تاريخ النشر أو التوزيع 2009
300 ## - الوصف المادى
التعداد 237 ص :
تفاصيل ماديه اخرى للوعاء ايض ؛
أبعاد الوعاء 24 سم
504 ## - تبصرة ببليوجرافية
تبصرة ببليوجرافية,الخ ببليوجرافية : ص 235 - 237
650 04 - المدخل الاضافى بالموضوع-مصطلح موضوعى
مصطلح موضوعي الجبنة
التقسيم الفرعي العام طهى
650 04 - المدخل الاضافى بالموضوع-مصطلح موضوعى
مصطلح موضوعي الجبنة المطبوخة
650 04 - المدخل الاضافى بالموضوع-مصطلح موضوعى
مصطلح موضوعي املاح الاستحلاب
650 04 - المدخل الاضافى بالموضوع-مصطلح موضوعى
مصطلح موضوعي الجبنة المطبوخة
التقسيم الفرعي العام صناعة وتجارة
650 04 - المدخل الاضافى بالموضوع-مصطلح موضوعى
مصطلح موضوعي الجبنة المطبوخة
التقسيم الفرعي العام انواع
700 0# - المدخل الاضافى - اسم شخصى
الإسم الشخصى حنفى عبدالعزيز هاشم
الدور مراجع
942 ## - عناصر المدخل الإضافي( كوها)
مصدر التصنيف او مخطط الترفيف Dewey Decimal Classification
Koha [default] item type كتاب
260 ## - PUBLICATION, DISTRIBUTION, ETC. (IMPRINT)
-- القاهرة :
-- الدار العربية للنشر والتوزيع ،
Holdings
حالة التراجع حالة الفقد حالة تلف ليس للاعارة المكان المؤقت الموقع الحالى تاريخ الاكتساب اجمالي اﻻعارات رقم الطلب الباركود تاريخ اخر مشاهدة تاريخ تفعيل السعر نوع وعاء كوها
        مكتبة القاهرة الكبرى مكتبة القاهرة الكبرى 12/14/2014   641.673\ أ ت 158991 12/14/2014 12/14/2014 كتاب

Powered By

EGPV